000 00573cam a2200193 i 4500
001 22630
003 Mx-PuUPA
005 20260129144216.0
008 140415s2024 sp gr 000 0 spa d
020 _a9788425451010
040 _cMx-PuUPA
041 _aspa
082 0 4 _axx
_2xx
_b23
245 1 0 _aEl espíritu de la esperanza :
_bcontra la sociedad del miedo /
_cByung-Chil Han, traducción de Alberto Ciria
250 _a1a. edición
264 _aBarcelona, España :
_bHerder Editorial,
_c©2024
300 _a141 páginas ;
_c20 cm
942 _2ddc
_cLI
_hxx
_ixx
999 _c22630
_d22630